Normal view
MARC view
- God (Islam)
Entry Topical Term
001 - CONTROL NUMBER
- control field: 2067
003 - CONTROL NUMBER IDENTIFIER
- control field: OSt
005 - DATE AND TIME OF LATEST TRANSACTION
- control field: 20170508101909.0
008 - FIXED-LENGTH DATA ELEMENTS
- fixed length control field: 170508|| aca||aabn | a|a d
040 ## - CATALOGING SOURCE
- Original cataloging agency: OSt
- Transcribing agency: OSt
150 ## - HEADING--TOPICAL TERM
- Topical term or geographic name entry element: God (Islam)
- General subdivision: Worship and love
670 ## - SOURCE DATA FOUND
- Source citation: Work cat.: (OSt)0: Qaradawi, Yusuf, 1926- 1753, Ibadah dalam Islam /, 2002

PORTAL AKMAL
E-MEL JKDM
AKMAL2U
G-BAM
u-PUSTAKA